000 00433 a2200109 4500
001 ART_50010
005 20260410161730.0
008 260409a
245 1 0 _aUna tipología de los trasplantes legales: utilizando la sociología, la historia del derecho y ejemplos argentinos para explicar el proceso de trasplante
100 1 _aMiller, Jonathan M.
773 0 _tLecciones y ensayos
_g- Nº 81 (feb. 2006)
_wREV2658
999 _c17742
_d17742